Clinical pharmacy and therapeutics / (Record no. 278736)
[ view plain ]
| 000 -LEADER | |
|---|---|
| fixed length control field | 01233cam a2200397 a 4500 |
| 001 - CONTROL NUMBER | |
| control field | 16681974 |
| 005 - DATE AND TIME OF LATEST TRANSACTION | |
| control field | 20150127102014.0 |
| 008 - FIXED-LENGTH DATA ELEMENTS--GENERAL INFORMATION | |
| fixed length control field | 110304s2012 stka b 001 0 eng |
| 010 ## - LIBRARY OF CONGRESS CONTROL NUMBER | |
| LC control number | 2011009925 |
| 020 ## - INTERNATIONAL STANDARD BOOK NUMBER | |
| International Standard Book Number | 9780702042935 (pbk.) |
| 020 ## - INTERNATIONAL STANDARD BOOK NUMBER | |
| International Standard Book Number | 9780702042942 (international) |
| 020 ## - INTERNATIONAL STANDARD BOOK NUMBER | |
| International Standard Book Number | 9789814371247 |
| 035 ## - SYSTEM CONTROL NUMBER | |
| System control number | (DNLM)101555630 |
| 040 ## - CATALOGING SOURCE | |
| Original cataloging agency | DNLM/DLC |
| Transcribing agency | DLC |
| Modifying agency | DLC |
| 042 ## - AUTHENTICATION CODE | |
| Authentication code | pcc |
| 050 00 - LIBRARY OF CONGRESS CALL NUMBER | |
| Classification number | RM 262 |
| Item number | .C5 2012 |
| 060 10 - NATIONAL LIBRARY OF MEDICINE CALL NUMBER | |
| Classification number | WB 330 |
| 082 00 - DEWEY DECIMAL CLASSIFICATION NUMBER | |
| Classification number | 615.5/8 |
| 245 00 - TITLE STATEMENT | |
| Title | Clinical pharmacy and therapeutics / |
| Statement of responsibility, etc | edited by Roger Walker and Cate Whittlesea. |
| 250 ## - EDITION STATEMENT | |
| Edition statement | 5th ed. |
| 260 ## - PUBLICATION, DISTRIBUTION, ETC. (IMPRINT) | |
| Place of publication, distribution, etc | Edinburgh : |
| Name of publisher, distributor, etc | Churchill Livingston/Elsevier, |
| Date of publication, distribution, etc | 2012. |
| 300 ## - PHYSICAL DESCRIPTION | |
| Extent | xii, 983 pages : |
| Other physical details | illustrations (some color) ; |
| Dimensions | 28 cm. |
| 504 ## - BIBLIOGRAPHY, ETC. NOTE | |
| Bibliography, etc | Includes bibliographical references and index. |
| 521 ## - TARGET AUDIENCE NOTE | |
| Target audience note | Pharmacy |
| 650 #0 - SUBJECT ADDED ENTRY--TOPICAL TERM | |
| Topical term or geographic name as entry element | Chemotherapy. |
| 650 #0 - SUBJECT ADDED ENTRY--TOPICAL TERM | |
| Topical term or geographic name as entry element | Pharmacology. |
| 650 #0 - SUBJECT ADDED ENTRY--TOPICAL TERM | |
| Topical term or geographic name as entry element | Therapeutics. |
| 650 #0 - SUBJECT ADDED ENTRY--TOPICAL TERM | |
| Topical term or geographic name as entry element | Pharmacy. |
| 650 12 - SUBJECT ADDED ENTRY--TOPICAL TERM | |
| Topical term or geographic name as entry element | Drug Therapy. |
| 650 22 - SUBJECT ADDED ENTRY--TOPICAL TERM | |
| Topical term or geographic name as entry element | Pharmacology, Clinical. |
| 700 1# - ADDED ENTRY--PERSONAL NAME | |
| Personal name | Walker, Roger, |
| Titles and other words associated with a name | Ph. D. |
| 700 1# - ADDED ENTRY--PERSONAL NAME | |
| Personal name | Whittlesea, Cate. |
| 906 ## - LOCAL DATA ELEMENT F, LDF (RLIN) | |
| a | 7 |
| b | cbc |
| c | orignew |
| d | 1 |
| e | ecip |
| f | 20 |
| g | y-gencatlg |
| 942 ## - ADDED ENTRY ELEMENTS (KOHA) | |
| Source of classification or shelving scheme | Library of Congress Classification |
| Koha item type | Books |
| Withdrawn status | Lost status | Source of classification or shelving scheme | Damaged status | Home library | Current library | Shelving location | Date acquired | Source of acquisition | Total Checkouts | Total Renewals | Full call number | Barcode | Date last seen | Date checked out | Price effective from | Koha item type |
|---|---|---|---|---|---|---|---|---|---|---|---|---|---|---|---|---|
| Library of Congress Classification | South SEED-LPDH College Library | South SEED-LPDH College Library | South SEED-LPDH College Section | 01/27/2015 | Library Fund | 7 | 26 | RM 262 .C5 2012 | SSLC1414 | 02/07/2019 | 02/02/2019 | 01/27/2015 | Books |